Enameled Glass from the Spanish Royal Factory (Record no. 4052)
[ view plain ]
| 000 -CABECERA | |
|---|---|
| campo de control de longitud fija | 00870nam a2200265 a 4500 |
| 001 - NÚMERO DE CONTROL | |
| campo de control | BRCA_4341 |
| 005 - FECHA Y HORA DE LA ÚLTIMA TRANSACCIÓN | |
| campo de control | 20190320204632.0 |
| 008 - DATOS DE LONGITUD FIJA--INFORMACIÓN GENERAL | |
| campo de control de longitud fija | 101208s1961----nyua---###---#000-0#eng-# |
| 041 ## - CÓDIGO DE LENGUA | |
| Código de lengua del texto/banda sonora o título independiente | eng |
| 044 ## - CÓDIGO DEL PAÍS DE LA ENTIDAD EDITORA/PRODUCTORA | |
| Código MARC del país | nyu |
| 050 #4 - SIGNATURA TOPOGRÁFICA DE LA BIBLIOTECA DEL CONGRESO | |
| Número de clasificación | NK5362 |
| Número de documento/Ítem | .F76 2 |
| -- | 1961 |
| 100 1# - ENTRADA PRINCIPAL--NOMBRE DE PERSONA | |
| Nombre de persona | Frothingham, Alice Wilson |
| 9 (RLIN) | 11106 |
| 245 10 - MENCIÓN DE TÍTULO | |
| Título | Enameled Glass from the Spanish Royal Factory |
| Mención de responsabilidad, etc. | by Alice Wilson Frothingham. |
| 260 ## - PUBLICACIÓN, DISTRIBUCIÓN, ETC. | |
| Lugar de publicación, distribución, etc. | Nueva York |
| Nombre del editor, distribuidor, etc. | The Hispanic Society of America |
| Fecha de publicación, distribución, etc. | 1961 |
| 300 ## - DESCRIPCIÓN FÍSICA | |
| Extensión | p. 118-129 |
| Otras características físicas | il. |
| Dimensiones | 28 cm. |
| 500 ## - NOTA GENERAL | |
| Nota general | Reimpreso de Journal of Glass Studies, vol.3 1961 |
| 500 ## - NOTA GENERAL | |
| Nota general | Datos tomados de la cubierta |
| 500 ## - NOTA GENERAL | |
| Nota general | Revista inventariada por Banco de México como libro |
| 500 ## - NOTA GENERAL | |
| Nota general | Ejemplar igual a AA30 |
| 500 ## - NOTA GENERAL | |
| Nota general | M60 |
| 650 14 - PUNTO DE ACCESO ADICIONAL DE MATERIA--TÉRMINO DE MATERIA | |
| Término de materia o nombre geográfico como elemento de entrada | Esmalte y esmaltado |
| Subdivisión geográfica | España |
| 9 (RLIN) | 7999 |
| 650 14 - PUNTO DE ACCESO ADICIONAL DE MATERIA--TÉRMINO DE MATERIA | |
| Término de materia o nombre geográfico como elemento de entrada | Vidrio pintado y decorado |
| Subdivisión geográfica | España |
| 9 (RLIN) | 8000 |
| 902 ## - CATALOGADOR | |
| Iniciales | GFM |
| 942 ## - ELEMENTOS DE PUNTO DE ACCESO ADICIONAL (KOHA) | |
| Fuente del sistema de clasificación o colocación | Library of Congress Classification |
| Tipo de ítem Koha | Libros |
| Estado de retiro | Estado de pérdida | Estado dañado | No para préstamo | Localización permanente | Ubicación/localización actual | Fecha de adquisición | Número de inventario | Total de préstamos | Signatura topográfica completa | Código de barras | Fecha visto por última vez | Precio válido a partir de | Tipo de ítem Koha |
|---|---|---|---|---|---|---|---|---|---|---|---|---|---|
| El ejemplar forma parte de la colección y puede ser consultado según las políticas vigentes. | Biblioteca del Museo Franz Mayer (Rogerio Casas-Alatriste) | Biblioteca del Museo Franz Mayer (Rogerio Casas-Alatriste) | 08/07/2010 | M60 | NK5362 .F76 2 1961 (M60) | 4338 | 22/03/2019 | 22/03/2019 | Libros |